000 00810nam a22002177a 4500
008 130821s2008 mx a gr spa
020 _a9789681686208
040 _aCO-BoUCM
_bspa
_cAngélica Rojas
_dAldemar Mondragón
041 0 0 _aspa
100 1 _aZepeda, Monique
_937216
245 1 0 _aKassunguilá
_cMonique Zepeda
260 _aMéxico D.F. (México)
_bFondo de Cultura Económica
_c2008
300 _a[48] páginas
_bilustraciones a color
490 0 _aLos Especiales de A la Orilla del Viento
650 7 _aCuentos infantiles mexicanos
_937285
650 7 _aLibros ilustrados para niños
_918516
650 7 _aLiteratura infantil mexicana
_937286
690 _aLiteratura latinoamericana
942 _cLIBRO
_a18
_e1
_mZ57k
_2DEWEY
_h868.44
_n0
999 _c166528
_d166528